000 00520nam a2200181Ia 4500
008 240925s9999 xx 000 0 und d
020 _a9780132821544
082 _a005.133 DEI
100 _aDeitel, P. J.; Deitel ,Harvey M.
245 0 _aJava for Programmers
250 _a2nd
260 _aNew Jersey:
_bPrintice- Hall Int.
_c,2012.
300 _axvii,653p.
_bN.A
_fPhotocopy
500 _aIncludes Index
600 _aComputer Science
650 _aComputer science, information & general works
942 _cBK
999 _c11807
_d11807